| 000 | 00481nam a2200181Ia 4500 | ||
|---|---|---|---|
| 008 | 230917s9999||||xx |||||||||||||| ||und|| | ||
| 020 | _cRS 640.00 | ||
| 040 |
_e5010492 _aMAIN |
||
| 041 | _aEnglish | ||
| 082 | _a6584034 G552O(31) | ||
| 100 | _aGoel, B S | ||
| 245 | 0 | _aOperations research | |
| 250 | _a31st ed. | ||
| 260 |
_aMeerut _bPragati Prakashan _c2020 |
||
| 300 | _axii, 1072 p. | ||
| 500 | _a5014 06/01/2023 HBD23/9784 09/03/2023 IMSAR (Dev. & Research) | ||
| 942 | _cBK | ||
| 999 |
_c8475 _d8475 |
||